[Event "Isle of Man Open"]
[Site "Douglas"]
[Date "24.10.2018"]
[Round "5.47"]
[White "House, Glenn L"]
[Black "Williams, Simon K"]
[Result "0-1"]
[WhiteTitle "FM"]
[BlackTitle "GM"]
[WhiteElo "2180"]
[BlackElo "2457"]
[WhiteFideId "406228"]
[BlackFideId "404454"]
[EventDate "2018.10.20"]

1. Nf3 f5 2. d3 Nc6 3. g3 e5 4. Bg2 Nf6 5. O-O Be7 6. c4 O-O 7. Nc3 d6 8. Bg5 f4
9. Rb1 Ng4 10. Bxe7 Nxe7 11. d4 fxg3 12. hxg3 Qe8 13. dxe5 Qh5 14. Re1 dxe5 15.
Nd5 Nxd5 16. Qxd5+ Kh8 17. Rbd1 c6 18. Qc5 Bf5 19. e4 Be6 20. Rd2 Rae8 21. Qxa7
Rxf3 0-1

[Event "Isle of Man Open"]
[Site "Douglas"]
[Date "24.10.2018"]
[Round "5.48"]
[White "Gukesh, D"]
[Black "Bianco, Valerio"]
[Result "1-0"]
[WhiteTitle "IM"]
[WhiteElo "2456"]
[BlackElo "2008"]
[WhiteFideId "46616543"]
[BlackFideId "800600"]
[EventDate "2018.10.20"]

1. Nf3 b6 2. g3 Bb7 3. Bg2 g6 4. O-O Bg7 5. d3 e5 6. e4 Ne7 7. Re1 O-O 8. c3
Nbc6 9. d4 d6 10. Na3 Re8 11. dxe5 Nxe5 12. Nxe5 Bxe5 13. Bg5 Qc8 14. Qd2 Bg7
15. Bh6 Nc6 16. Bxg7 Kxg7 17. f4 Qe6 18. Nc2 f6 19. Ne3 Ne7 20. c4 c6 21. Rad1
Rad8 22. b3 Qf7 23. Qb2 c5 24. e5 Bxg2 25. Ng4 Ng8 26. Kxg2 h5 27. Nxf6 Nxf6 28.
exf6+ Qxf6 29. Qxf6+ Kxf6 30. Rxe8 Rxe8 31. Rxd6+ Kf5 32. Kf2 Re7 33. a4 h4 34.
Kf3 hxg3 35. hxg3 Re6 36. g4+ Kf6 37. Rxe6+ Kxe6 38. Ke4 Kd6 39. f5 gxf5+ 40.
Kxf5 1-0

[Event "Isle of Man Open"]
[Site "Douglas"]
[Date "24.10.2018"]
[Round "5.49"]
[White "Pranav, Anand"]
[Black "Kolosowski, Mateusz"]
[Result "0-1"]
[WhiteTitle "FM"]
[BlackTitle "IM"]
[WhiteElo "2269"]
[BlackElo "2448"]
[WhiteFideId "46626786"]
[BlackFideId "1129708"]
[EventDate "2018.10.20"]

1. d4 d5 2. c4 e6 3. Nf3 Nf6 4. g3 dxc4 5. Bg2 a6 6. O-O Nc6 7. e3 Bd7 8. Qe2
Bd6 9. Qxc4 O-O 10. Nbd2 Qe7 11. Qc2 Nb4 12. Qb3 c5 13. e4 Bc7 14. a3 Nc6 15. e5
Nd5 16. dxc5 Qxc5 17. Re1 h6 18. Nf1 Rfd8 19. Bd2 Na5 20. Qa2 Qc4 21. Bxa5 Qxa2
22. Rxa2 Bxa5 23. b4 Bb6 24. N3d2 Rdc8 25. Ne4 Rc7 26. Nd6 a5 27. b5 a4 28. Nd2
Ba5 29. Bxd5 exd5 30. b6 Bxb6 31. Rb1 Ba5 32. Rxb7 Rxb7 33. Nxb7 Bc3 34. Nc5 Bf5
35. Nf3 Ra5 36. Nb7 Rb5 37. Nd6 Rb1+ 38. Kg2 Bd3 39. Ng1 Bxe5 40. Nc8 Bf1+ 41.
Kf3 Bc7 0-1

[Event "Isle of Man Open"]
[Site "Douglas"]
[Date "24.10.2018"]
[Round "5.50"]
[White "Khmelniker, Ilya"]
[Black "Arakhamia-Grant, Ketevan"]
[Result "1-0"]
[WhiteTitle "GM"]
[BlackTitle "GM"]
[WhiteElo "2492"]
[BlackElo "2345"]
[WhiteFideId "2805340"]
[BlackFideId "13600168"]
[EventDate "2018.10.20"]

1. d4 g6 2. c4 Bg7 3. Nc3 d6 4. Nf3 Nd7 5. e4 e5 6. Be2 Ngf6 7. O-O O-O 8. Qc2
exd4 9. Nxd4 Re8 10. Rd1 Nc5 11. f3 Nfd7 12. Bf1 Ne5 13. Be3 Bd7 14. Bf2 Qc8 15.
Bh4 c6 16. Nb3 Qc7 17. Bf2 Be6 18. Nd2 a5 19. h3 Bh6 20. b3 f5 21. a3 Rf8 22. b4
axb4 23. axb4 Rxa1 24. Rxa1 Ncd7 25. Nb3 Nxc4 26. Nd4 Bf7 27. Bxc4 Bxc4 28. exf5
Ne5 29. Rd1 Qe7 30. Kh1 b5 31. Bg3 Bg7 32. fxg6 hxg6 33. f4 c5 34. bxc5 dxc5 35.
Ndxb5 Nd3 36. Rxd3 Bxd3 37. Qxd3 Kh7 38. Ne4 Rf5 39. Nbd6 Rf8 40. Ng5+ Kh6 41.
Qd5 Bd4 42. Ne6 Rf6 43. f5 gxf5 44. Nxf5+ Kh7 45. Ng5+ Kh8 46. Nxd4 1-0

[Event "Isle of Man Open"]
[Site "Douglas"]
[Date "24.10.2018"]
[Round "5.51"]
[White "Wu, Li"]
[Black "Bellaiche, Anthony"]
[Result "0-1"]
[BlackTitle "IM"]
[WhiteElo "2335"]
[BlackElo "2453"]
[WhiteFideId "411086"]
[BlackFideId "615668"]
[EventDate "2018.10.20"]

1. e4 c5 2. Nf3 e6 3. d3 Nc6 4. g3 Nge7 5. Bg2 g6 6. O-O Bg7 7. Re1 d6 8. c3 e5
9. a3 O-O 10. b4 h6 11. Bb2 a6 12. Nbd2 Rb8 13. Rb1 Be6 14. d4 cxd4 15. cxd4
exd4 16. Nb3 Bxb3 17. Qxb3 b5 18. Rbd1 Qb6 19. Qa2 a5 20. bxa5 Qxa5 21. Qa1 b4
22. Nxd4 Nxd4 23. Bxd4 Bxd4 24. Qxd4 bxa3 25. e5 Nf5 26. Qa1 dxe5 27. Rxe5 Qa7
28. Re2 Rfd8 29. Rxd8+ Rxd8 30. Ra2 Ne3 31. fxe3 Qxe3+ 32. Kf1 Rc8 0-1

[Event "Isle of Man Open"]
[Site "Douglas"]
[Date "24.10.2018"]
[Round "5.52"]
[White "Ladron De Guevara Pinto, Paolo"]
[Black "Dubinski, Mateusz"]
[Result "1-0"]
[WhiteTitle "IM"]
[BlackTitle "FM"]
[WhiteElo "2427"]
[BlackElo "2327"]
[WhiteFideId "2290847"]
[BlackFideId "1125923"]
[EventDate "2018.10.20"]

1. e4 e5 2. Nf3 Nc6 3. Bc4 Nf6 4. Ng5 d5 5. exd5 Na5 6. Bb5+ c6 7. dxc6 bxc6 8.
Bd3 h6 9. Ne4 Nd5 10. O-O Be7 11. Ng3 g6 12. Re1 Bf6 13. Be4 O-O 14. d4 exd4 15.
Bxh6 Re8 16. Na3 Rb8 17. Bd2 Be6 18. Bd3 Nb4 19. Ne4 Be7 20. Bf1 c5 21. Bb5 Bd7
22. Bxd7 Qxd7 23. Qf3 f5 24. Qg3 Kf7 25. Ng5+ Bxg5 26. Qxg5 Rxe1+ 27. Rxe1 Re8
28. Qh6 Rxe1+ 29. Bxe1 Qe6 30. Bd2 Nac6 31. Qh7+ Ke8 32. h4 a6 33. b3 Nd5 34.
Nc4 f4 35. h5 gxh5 36. Qxh5+ Kd7 37. a3 Nce7 38. Ne5+ Kd6 39. Nd3 Ng6 40. Qg5
Qf7 41. Qd8+ Kc6 42. Qa8+ Kb6 43. Nb2 Qe6 44. Na4+ Kc7 45. Qa7+ Kd8 46. Nxc5 Qf5
47. Qxa6 f3 48. Qe6 1-0

[Event "Isle of Man Open"]
[Site "Douglas"]
[Date "24.10.2018"]
[Round "5.53"]
[White "Munguntuul, Batkhuyag"]
[Black "Vaishali, R"]
[Result "0-1"]
[WhiteTitle "IM"]
[BlackTitle "WIM"]
[WhiteElo "2422"]
[BlackElo "2313"]
[WhiteFideId "4900758"]
[BlackFideId "5091756"]
[EventDate "2018.10.20"]

1. e4 c6 2. d4 d5 3. e5 Bf5 4. h4 h5 5. Bd3 Bxd3 6. Qxd3 Qa5+ 7. Nd2 e6 8. Nf3
Qa6 9. c4 Ne7 10. b3 Nf5 11. a4 Qa5 12. O-O Na6 13. c5 b6 14. cxb6 axb6 15. b4
Nxb4 16. Qc3 Be7 17. Nb3 Qa6 18. a5 O-O 19. Bd2 bxa5 20. Rxa5 Qb6 21. Raa1 Rxa1
22. Rxa1 Rb8 23. Kh2 Na6 24. Bg5 Bf8 25. Qd3 Qxb3 26. Qxb3 Rxb3 27. Rxa6 c5 28.
Ra8 cxd4 29. Nxd4 Nxd4 30. Be7 Kh7 31. Rxf8 Kg6 32. Rg8 Nf5 33. Bg5 Rb2 34. f3
Re2 35. f4 Ne3 36. Kh3 Nf1 37. f5+ exf5 38. Rd8 Rc2 39. Bf4 Rc3+ 40. g3 Rc2 0-1

[Event "Isle of Man Open"]
[Site "Douglas"]
[Date "24.10.2018"]
[Round "5.54"]
[White "Enkhtuul, Altan-Ulzii"]
[Black "Raja, Harshit"]
[Result "0-1"]
[WhiteTitle "WGM"]
[BlackTitle "IM"]
[WhiteElo "2295"]
[BlackElo "2420"]
[WhiteFideId "4901444"]
[BlackFideId "5089000"]
[EventDate "2018.10.20"]

1. d4 Nf6 2. Nf3 g6 3. g3 Bg7 4. Bg2 O-O 5. O-O d5 6. Nbd2 c5 7. dxc5 Nc6 8. c3
e5 9. Nb3 a5 10. a4 h6 11. Ne1 Re8 12. Nc2 Bg4 13. h3 Be6 14. Na3 Qe7 15. Nb5
Red8 16. Kh2 Rd7 17. Be3 Rad8 18. Nd6 Kh7 19. Qc2 Ne8 20. Nxe8 Qxe8 21. Rad1 d4
22. Bd2 Bf5 23. Qc1 Qe6 24. c4 e4 25. Bf4 h5 26. h4 Ne5 27. Nxa5 d3 28. e3 d2
29. Qc2 Nf3+ 30. Kh1 Ne1 31. Qb1 Bg4 32. Rdxe1 dxe1=Q 33. Qxe1 Rd1 34. Nxb7 Rxe1
35. Nxd8 Rxf1+ 36. Bxf1 Qd7 37. Bg2 Bf3 38. Kh2 Qxd8 39. b4 Qd2 40. Bxf3 exf3
41. Kg1 0-1

[Event "Isle of Man Open"]
[Site "Douglas"]
[Date "24.10.2018"]
[Round "5.55"]
[White "Fenil, Shah"]
[Black "Dushyant, Sharma"]
[Result "1-0"]
[WhiteTitle "IM"]
[BlackTitle "FM"]
[WhiteElo "2411"]
[BlackElo "2289"]
[WhiteFideId "5019850"]
[BlackFideId "25065130"]
[EventDate "2018.10.20"]

1. e4 e5 2. Bc4 Nc6 3. d3 Nf6 4. Nc3 Bc5 5. f4 d6 6. Nf3 h6 7. Na4 Bb6 8. Nxb6
axb6 9. O-O exf4 10. Bxf4 O-O 11. c3 Be6 12. Bb3 Ra5 13. Bc2 Ne7 14. e5 dxe5 15.
Nxe5 Ned5 16. d4 Nd7 17. Qd3 f5 18. Nc4 Ra8 19. Rae1 Nxf4 20. Rxf4 Qg5 21. g3
Rae8 22. Ne3 g6 23. d5 Bf7 24. Ref1 Nf6 25. Nxf5 Bxd5 26. h4 Qh5 27. g4 Nxg4 28.
Qxd5+ Rf7 29. Qxf7+ Kxf7 30. Ng3+ 1-0

[Event "Isle of Man Open"]
[Site "Douglas"]
[Date "24.10.2018"]
[Round "5.56"]
[White "Mannion, Stephen R"]
[Black "Gaponenko, Inna"]
[Result "0-1"]
[WhiteTitle "IM"]
[BlackTitle "IM"]
[WhiteElo "2289"]
[BlackElo "2409"]
[WhiteFideId "2400111"]
[BlackFideId "14101181"]
[EventDate "2018.10.20"]

1. e4 d6 2. d4 Nf6 3. Nc3 g6 4. f4 Bg7 5. Nf3 O-O 6. Bd3 Nc6 7. e5 dxe5 8. fxe5
Nh5 9. Ne2 Bg4 10. c3 Bxf3 11. gxf3 e6 12. Be3 Ne7 13. Qd2 Nd5 14. Bg5 f6 15.
exf6 Bxf6 16. Bxf6 Qxf6 17. Be4 Qh4+ 18. Kd1 Ndf6 19. Bxb7 Rab8 20. Bc6 Nd5 21.
c4 Ne7 22. Qe3 Rb6 23. Bb5 Nf5 24. Qe5 Qf2 25. Re1 Rd8 26. d5 Ne3+ 27. Kd2 Nxd5
28. Kc2 Nb4+ 29. Kc3 c5 30. Kb3 Nd3 31. Rf1 Nxe5 32. Rxf2 a6 33. Nc3 axb5 34.
cxb5 Nf4 35. a4 Nd5 36. a5 Rbb8 37. b6 Nxb6 38. axb6 Rxb6+ 39. Ka2 Nd3 40. Re2
Rdb8 41. Na4 Rb4 42. Kb1 c4 43. Ra3 Ra8 0-1

[Event "Isle of Man Open"]
[Site "Douglas"]
[Date "24.10.2018"]
[Round "5.57"]
[White "Eggleston, David J"]
[Black "Unuk, Laura"]
[Result "1-0"]
[WhiteTitle "IM"]
[BlackTitle "WIM"]
[WhiteElo "2406"]
[BlackElo "2272"]
[WhiteFideId "412120"]
[BlackFideId "14609215"]
[EventDate "2018.10.20"]

1. d4 d5 2. Bf4 Nf6 3. e3 c5 4. c3 Nc6 5. Nd2 e6 6. Ngf3 Bd6 7. Bg3 O-O 8. Bb5
Ne7 9. O-O Bxg3 10. hxg3 Nf5 11. dxc5 Qc7 12. b4 e5 13. Nh2 Nh6 14. c4 d4 15.
exd4 exd4 16. Qf3 a5 17. a3 Bd7 18. Nb3 axb4 19. axb4 Bg4 20. Nxg4 Nfxg4 21.
Rxa8 Rxa8 22. Nxd4 Qe5 23. Qd5 Qf6 24. Qxb7 Rf8 25. Nf3 Qb2 26. c6 Nxf2 27. c7 1-0

[Event "Isle of Man Open"]
[Site "Douglas"]
[Date "24.10.2018"]
[Round "5.58"]
[White "Chennaoui, Yasin"]
[Black "Zhukova, Natalia"]
[Result "0-1"]
[BlackTitle "GM"]
[WhiteElo "2050"]
[BlackElo "2403"]
[WhiteFideId "1330667"]
[BlackFideId "14101513"]
[EventDate "2018.10.20"]

1. Nf3 Nf6 2. e3 c5 3. b3 g6 4. Bb2 Bg7 5. Be2 O-O 6. O-O b6 7. c4 Bb7 8. d4 e6
9. Nc3 d6 10. Qd2 Qe7 11. Rad1 Rd8 12. Rfe1 Nbd7 13. Bf1 Bxf3 14. gxf3 Nh5 15.
Ne2 e5 16. dxe5 dxe5 17. Nc3 Nf8 18. Qc2 Nf6 19. Rxd8 Rxd8 20. Rd1 Rxd1 21. Qxd1
h5 22. Bh3 N8h7 23. Ne4 Nxe4 24. fxe4 Qh4 25. Bg2 Ng5 26. f3 Ne6 27. Bc3 Qg5 28.
Qd3 Kh7 29. Be1 Bh6 30. Bf2 Qf6 31. Qd6 Bf8 32. Qb8 Bg7 33. Qd6 Bf8 34. Qb8 Bg7
35. Qd6 Bf8 36. Qb8 h4 37. h3 Kg8 38. Qxa7 Ng5 39. Bxh4 Nxf3+ 40. Bxf3 Qxf3 41.
Qxb6 Qxe4 42. Bg5 Qb1+ 43. Kg2 Qxa2+ 44. Kg3 Qb1 45. Kg2 Qa2+ 46. Kf3 Qb1 47.
Qd8 Qf1+ 48. Kg3 Qg1+ 49. Kf3 Qf1+ 50. Kg3 e4 51. Be7 Qg1+ 52. Kf4 Qf2+ 53. Kg4
Qf5+ 54. Kh4 Qh5+ 55. Kg3 Qe5+ 56. Kg4 Qxe7 57. Qd5 Bh6 58. h4 Bxe3 59. h5 Qe6+
60. Qxe6 fxe6 61. hxg6 Kg7 62. b4 cxb4 63. c5 Bxc5 64. Kf4 e3 65. Ke5 e2 66.
Kxe6 b3 67. Kd5 Bf8 68. Kd4 b2 69. Kc3 b1=Q 70. Kd2 e1=Q# 0-1

[Event "Isle of Man Open"]
[Site "Douglas"]
[Date "24.10.2018"]
[Round "5.59"]
[White "Tania, Sachdev"]
[Black "Paramzina, Anastasya"]
[Result "1/2-1/2"]
[WhiteTitle "IM"]
[BlackTitle "WGM"]
[WhiteElo "2400"]
[BlackElo "2243"]
[WhiteFideId "5007844"]
[BlackFideId "4165012"]
[EventDate "2018.10.20"]

1. d4 Nf6 2. c4 c6 3. Nc3 d5 4. Nf3 a6 5. cxd5 cxd5 6. Bf4 Nc6 7. Rc1 Nh5 8. Bd2
e6 9. e3 Nf6 10. Bd3 Bd6 11. O-O O-O 12. Na4 Ne4 13. a3 Bd7 14. b4 Nxd2 15. Nxd2
e5 16. dxe5 Nxe5 17. Be2 a5 18. Nc5 Bc8 19. Nf3 axb4 20. axb4 Ra3 21. Qd4 Nxf3+
22. Bxf3 b6 23. Nd3 Ba6 24. Rfd1 Bxd3 25. Rxd3 Rxd3 26. Qxd3 Bxb4 27. Bxd5 Qf6
28. g3 Bc5 29. Rc4 g6 30. Rf4 Qe7 1/2-1/2

[Event "Isle of Man Open"]
[Site "Douglas"]
[Date "24.10.2018"]
[Round "5.60"]
[White "Hemant, Sharma2"]
[Black "Ragnarsson, Dagur"]
[Result "0-1"]
[WhiteTitle "IM"]
[BlackTitle "FM"]
[WhiteElo "2393"]
[BlackElo "2251"]
[WhiteFideId "5025842"]
[BlackFideId "2304058"]
[EventDate "2018.10.20"]

1. e4 e6 2. d3 c5 3. Nd2 d5 4. Ngf3 Bd6 5. g3 Nc6 6. Bg2 Nge7 7. O-O O-O 8. Re1
Qc7 9. b3 Bd7 10. Bb2 f6 11. a3 Ng6 12. h4 d4 13. h5 Nh8 14. Nc4 Be7 15. e5 b5
16. exf6 gxf6 17. Ncd2 e5 18. c3 Bg4 19. cxd4 cxd4 20. Rc1 Rac8 21. b4 Qd7 22.
Rxc6 Qxc6 23. Re4 Bxh5 24. g4 Qc2 25. Qxc2 Rxc2 26. gxh5 Rxb2 27. Rg4+ Kf7 28.
Nf1 f5 29. Nxe5+ Ke6 30. Rxd4 Kxe5 31. Rd5+ Kf4 32. Rxb5 Bh4 0-1

[Event "Isle of Man Open"]
[Site "Douglas"]
[Date "24.10.2018"]
[Round "5.61"]
[White "Piasetski, Leon"]
[Black "Trent, Lawrence"]
[Result "1/2-1/2"]
[WhiteTitle "IM"]
[BlackTitle "IM"]
[WhiteElo "2252"]
[BlackElo "2391"]
[WhiteFideId "2600072"]
[BlackFideId "408638"]
[EventDate "2018.10.20"]

1. c4 b6 2. d4 Bb7 3. Nc3 Nf6 4. Bg5 e6 5. a3 h6 6. Bh4 Be7 7. e3 d6 8. Nf3 Nbd7
9. Be2 g5 10. Bg3 g4 11. Nd2 h5 12. f3 h4 13. Bf2 c5 14. fxg4 h3 15. Bf3 hxg2
16. Rg1 Bxf3 17. Qxf3 Rxh2 18. Rxg2 Rh1+ 19. Rg1 Rxg1+ 20. Bxg1 Nh7 21. Nb5 d5
22. Bh2 Kf8 23. cxd5 exd5 24. Qxd5 Ndf6 25. Qf5 cxd4 26. Nxd4 Qd5 27. Bf4 Qh1+
28. Nf1 Qg2 29. O-O-O Qxg4 30. Qxg4 Nxg4 31. Ng3 Rc8+ 32. Kb1 Nhf6 33. Ngf5 Bc5
34. Nb5 a6 35. Nbd6 Rd8 36. b4 Bxd6 37. Bxd6+ Ke8 38. Ng7+ Kd7 39. Bc5+ Kc8 40.
Rxd8+ Kxd8 41. Bxb6+ Kd7 42. Bd4 Nd5 43. Nf5 Ke6 44. e4 Ndf6 45. Ng3 Ne8 46. Kc2
Nd6 47. a4 Ne5 48. Kc3 Nd7 49. Bc5 Nb7 50. Kd4 Ne5 51. Bf8 Nc6+ 52. Kc4 Ke5 53.
Bh6 Nb8 54. Kd3 a5 55. Ne2 Na6 56. Bf4+ Ke6 57. bxa5 Nxa5 58. Nd4+ Kd7 59. Kc3
Nb7 60. Kc4 Nac5 61. a5 Nxe4 62. a6 Nbd6+ 63. Kd3 Nc5+ 1/2-1/2

[Event "Isle of Man Open"]
[Site "Douglas"]
[Date "24.10.2018"]
[Round "5.62"]
[White "Hoefelsauer, Thomas"]
[Black "Stanetzek, Carsten"]
[Result "1-0"]
[WhiteTitle "FM"]
[WhiteElo "2380"]
[BlackElo "2192"]
[WhiteFideId "24668842"]
[BlackFideId "4616634"]
[EventDate "2018.10.20"]

1. d4 d5 2. c4 c6 3. Nf3 Nf6 4. e3 e6 5. b3 Nbd7 6. Bb2 Ne4 7. Nbd2 f5 8. Be2
Bd6 9. O-O O-O 10. Ne5 Ndf6 11. f3 Nxd2 12. Qxd2 Bd7 13. b4 Be8 14. a4 Nd7 15.
c5 Nxe5 16. dxe5 Be7 17. Bd4 g5 18. f4 g4 19. b5 Bd7 20. Rfb1 Qc7 21. Qc3 Rfc8
22. b6 Qd8 23. bxa7 Rxa7 24. Rb6 Rca8 25. Qb4 Bc8 26. a5 Qd7 27. Bc3 Kf7 28. Qd4
h5 29. h3 Qe8 30. hxg4 hxg4 31. g3 Qf8 32. Bb4 Qh6 33. Bf1 Bd7 34. Bg2 Bc8 35.
Kf2 Qf8 36. Qc3 Ra6 37. Rxa6 bxa6 38. Rh1 Rb8 39. Bf1 Ke8 40. Bd3 Kd7 41. Bc2
Kc7 42. Ba3 Rb5 43. Bd3 Rb8 44. Ke2 Qg7 45. Kd2 Bb7 46. Rb1 Qh8 47. Qb3 Ba8 48.
Qd1 Qh2+ 49. Kc3 Qxg3 50. Kd4 Qg2 51. Rb6 Bd8 52. Qb1 Bb7 53. Rb2 Qf3 54. Rh2
Kd7 55. Rh7+ Be7 56. Qb6 g3 57. Rxe7+ Kxe7 58. Qc7+ Kf8 59. Qxb8+ Kg7 60. Qxb7+
Kh6 61. Qxc6 g2 62. Qxe6+ Kg7 63. Qf6+ Kg8 64. Qg6+ Kh8 65. Qxf5 1-0

[Event "Isle of Man Open"]
[Site "Douglas"]
[Date "24.10.2018"]
[Round "5.63"]
[White "Lubbe, Melanie"]
[Black "Byron, Alan M"]
[Result "1-0"]
[WhiteTitle "WGM"]
[WhiteElo "2359"]
[BlackElo "2136"]
[WhiteFideId "4690745"]
[BlackFideId "401773"]
[EventDate "2018.10.20"]

1. e4 c6 2. d4 d5 3. Nc3 dxe4 4. Nxe4 Bf5 5. Ng3 Bg6 6. h4 h6 7. Nf3 Nd7 8. h5
Bh7 9. Bd3 Bxd3 10. Qxd3 e6 11. Bd2 Ngf6 12. O-O-O Be7 13. Qe2 Qb6 14. c4 O-O
15. Ne5 c5 16. Nf5 exf5 17. Nxd7 Nxd7 18. Qxe7 Rad8 19. dxc5 Qxc5 20. Qxc5 Nxc5
21. Be3 Ne6 22. Rd5 f4 23. Bxa7 Ra8 24. Bb6 Rfc8 25. c5 Rxa2 26. Kc2 Ra4 27. Kc3
f3 28. g3 Re4 29. Rhd1 Kf8 30. R1d3 Ng5 31. Rd8+ Re8 32. Rxc8 Rxc8 33. Re3 f5
34. Re5 Kf7 35. Rxf5+ Ke6 36. Rf4 Ke5 37. Kd3 Re8 38. b4 Kd5 39. Rd4+ Kc6 40.
Kc4 1-0

[Event "Isle of Man Open"]
[Site "Douglas"]
[Date "24.10.2018"]
[Round "5.64"]
[White "Rapport, Jovana"]
[Black "Demeter, Dorina"]
[Result "1/2-1/2"]
[WhiteTitle "WGM"]
[BlackTitle "WFM"]
[WhiteElo "2350"]
[BlackElo "2064"]
[WhiteFideId "937266"]
[BlackFideId "778079"]
[EventDate "2018.10.20"]

1. d4 Nf6 2. Nf3 d5 3. c4 e6 4. Bg5 Bb4+ 5. Nc3 dxc4 6. e4 h6 7. Bxf6 Qxf6 8.
Bxc4 c5 9. O-O cxd4 10. Nb5 Qe7 11. Qxd4 O-O 12. Nxa7 Bc5 13. Nxc8 Rxc8 14. Qd2
Nc6 15. Rad1 Rd8 16. Qe2 Nd4 17. Nxd4 Bxd4 18. g3 Qb4 19. b3 Qa3 20. Rd2 Bc3 21.
Rc2 Qb4 22. Qf3 Be5 23. a4 Rd4 24. Rd1 Rad8 25. Rxd4 Rxd4 26. Qe2 Rd8 27. Kg2
Bc3 28. e5 Rd2 29. Rxd2 Bxd2 30. Qd3 g6 31. Qd8+ Kg7 32. Qd7 Kg8 33. h4 h5 34.
Qd4 Be1 35. g4 hxg4 36. Qxg4 Qd2 37. Qg3 Kf8 38. Qf3 Kg8 39. Kf1 b6 40. Be2 Qc1
41. Qe4 Bc3+ 42. Kg2 Qd2 43. Bd3 Qe1 44. Qxe1 Bxe1 45. Be2 Kg7 46. Bg4 Bc3 47.
f4 f6 48. Bxe6 fxe5 49. Kf3 exf4 50. Kxf4 Kh6 51. Kg4 Be1 52. Bf7 Bf2 53. Be8
Be1 54. Bb5 Bf2 55. Be2 Bd4 56. Kg3 Bg1 57. b4 Bd4 58. a5 bxa5 59. bxa5 Ba7 60.
Kg4 Bc5 61. a6 Ba7 62. Bd1 Bb6 63. Kf4 Kg7 64. Ke5 Bg1 65. Ke6 Bf2 66. Be2 Bg1
67. Kd6 Kh6 68. Bg4 g5 69. h5 Bf2 70. Kc6 Kg7 71. Kb7 Kh6 1/2-1/2

[Event "Isle of Man Open"]
[Site "Douglas"]
[Date "24.10.2018"]
[Round "5.65"]
[White "Cramling, Pia"]
[Black "Stefansson, Vignir Vatnar"]
[Result "1/2-1/2"]
[WhiteTitle "GM"]
[BlackTitle "FM"]
[WhiteElo "2465"]
[BlackElo "2291"]
[WhiteFideId "1700030"]
[BlackFideId "2308649"]
[EventDate "2018.10.20"]

1. d4 f5 2. g3 Nf6 3. Bg2 g6 4. b3 Bg7 5. Bb2 O-O 6. Nf3 d6 7. O-O Na6 8. Nbd2
c6 9. c4 Qe8 10. Qc2 Bd7 11. a3 Nc7 12. Rfe1 a5 13. e4 fxe4 14. Nxe4 Bf5 15. Nh4
Bxe4 16. Bxe4 Nxe4 17. Rxe4 d5 18. Re2 a4 19. Rae1 Bf6 20. Nf3 axb3 21. Qxb3
dxc4 22. Qxb7 Nd5 23. Bc1 Qc8 24. Qb2 c3 25. Qa2 Qf5 26. Ne5 Bxe5 27. Rxe5 Qf7
28. R1e2 Ra4 29. R5e4 Nf6 30. Qxf7+ Rxf7 31. Rxe7 Rxe7 32. Rxe7 Rxd4 33. Kg2 Nd5
34. Re2 Kf7 35. Kf3 Rd3+ 36. Ke4 Rd1 37. Rc2 Ke6 38. Kf3 Kd6 39. Ke2 Rh1 40. Kd3
Rxh2 41. Be3 c5 42. Rc1 Kc6 43. a4 Rh5 44. Ra1 Re5 45. a5 Kb5 46. Rb1+ Kc6 47.
Ra1 Kb5 48. Rb1+ Kc6 1/2-1/2

[Event "Isle of Man Open"]
[Site "Douglas"]
[Date "24.10.2018"]
[Round "5.66"]
[White "Wallace, John Paul"]
[Black "Agrest, Inna"]
[Result "0-1"]
[WhiteTitle "IM"]
[BlackTitle "WIM"]
[WhiteElo "2377"]
[BlackElo "2283"]
[WhiteFideId "3200957"]
[BlackFideId "1708830"]
[EventDate "2018.10.20"]

1. d4 Nf6 2. c4 g6 3. Nc3 Bg7 4. e4 d6 5. f3 O-O 6. Be3 Nbd7 7. Qd2 a6 8. Nh3 c5
9. Nf2 cxd4 10. Bxd4 Ne5 11. Rc1 Be6 12. b3 Rc8 13. Be2 Qa5 14. O-O Nc6 15. Be3
Nd7 16. Rfd1 Nc5 17. Nd5 Qxd2 18. Rxd2 a5 19. Nb6 Rcd8 20. Nd1 f5 21. exf5 gxf5
22. Nc3 f4 23. Bf2 Bf5 24. Nca4 Kf7 25. Rcd1 Ne6 26. Nd5 Rg8 27. Kf1 Be5 28. Bd3
Bg6 29. Nac3 Rg7 30. Bxg6+ Rxg6 31. Ne4 Ng5 32. Nxg5+ Rxg5 33. Re2 Rdg8 34. Bg1
h5 35. h3 e6 36. Nc7 Ne7 37. Rd3 Nf5 38. Bh2 Ne3+ 39. Rdxe3 fxe3 40. Bg1 Bd4 41.
Nb5 Bc5 42. g4 hxg4 43. hxg4 d5 44. Bxe3 Bxe3 45. Rxe3 Rd8 46. Nd4 Rg6 47. cxd5
Rxd5 48. Ne2 Rd2 49. a4 Rg8 50. Kf2 Rgd8 51. Kg3 R8d3 52. Re5 Kf6 53. Re4 e5 54.
g5+ Kf5 55. g6 Rd6 56. g7 Rg6+ 57. Rg4 Rd8 58. Nc3 Rg8 59. Nd5 R8xg7 60. Ne3+
Ke6 61. Nc4 e4 62. Kf2 Rxg4 63. fxg4 Rxg4 64. Nxa5 Rg7 65. Nc4 Kd5 66. Ne3+ Kc5
67. Nc2 Rh7 68. Ke3 Rh2 69. Na3 Rh3+ 70. Kxe4 Rxb3 71. Nc2 Rc3 72. Ne3 Rxe3+ 73.
Kxe3 Kb4 74. Kd4 Kxa4 75. Kc3 b5 76. Kc2 Ka3 77. Kb1 b4 78. Ka1 b3 79. Kb1 b2 0-1

[Event "Isle of Man Open"]
[Site "Douglas"]
[Date "24.10.2018"]
[Round "5.67"]
[White "Mortazavi, Ali"]
[Black "Wall, Tim P"]
[Result "0-1"]
[WhiteTitle "IM"]
[BlackTitle "FM"]
[WhiteElo "2353"]
[BlackElo "2253"]
[WhiteFideId "401323"]
[BlackFideId "401641"]
[EventDate "2018.10.20"]

1. e4 e5 2. Bc4 Nf6 3. d3 Nc6 4. Nf3 Bc5 5. c3 O-O 6. Bb3 d5 7. Nbd2 Be6 8. Bc2
Re8 9. h3 dxe4 10. dxe4 a6 11. Qe2 b5 12. b4 Ba7 13. Ng5 Bd7 14. Bb3 Rf8 15. a4
h6 16. Ngf3 Nh5 17. g3 Re8 18. Nh4 Nf4 19. gxf4 Qxh4 20. f5 Ne7 21. Nf3 Qf6 22.
Rg1 bxa4 23. Rxa4 Bb5 24. Qa2 Kh8 25. Rg4 Rad8 26. Ra5 Nxf5 27. Rxb5 axb5 28.
Qxa7 Nd4 29. Nxd4 exd4 30. Qxc7 Qf3 31. Qxf7 Rxe4+ 32. Rxe4 Qxe4+ 33. Kf1 Qh1+
34. Ke2 Qxc1 35. cxd4 Qb2+ 36. Kf1 Qxd4 37. Kg2 Qe4+ 38. Kh2 Qxb4 39. Bc2 Qd6+
40. Kg1 Qf6 0-1

[Event "Isle of Man Open"]
[Site "Douglas"]
[Date "24.10.2018"]
[Round "5.68"]
[White "Janzelj, Lara"]
[Black "Bellon Lopez, Juan Manuel"]
[Result "1-0"]
[WhiteTitle "WFM"]
[BlackTitle "GM"]
[WhiteElo "2244"]
[BlackElo "2342"]
[WhiteFideId "14608391"]
[BlackFideId "2200031"]
[EventDate "2018.10.20"]

1. d4 d5 2. c4 c6 3. cxd5 cxd5 4. Bg5 Nf6 5. Bxf6 gxf6 6. e3 e6 7. Bd3 Qb6 8.
Qd2 Nc6 9. Nc3 f5 10. Nge2 Bd7 11. Rc1 Na5 12. O-O Bd6 13. f4 h5 14. Kh1 h4 15.
h3 Bc6 16. b3 Ba3 17. Rc2 Kd7 18. Ng1 f6 19. Nf3 Rac8 20. Qf2 a6 21. Nxh4 Kd6
22. Nf3 Ke7 23. Nb1 Bd6 24. Rfc1 Rcg8 25. Nc3 Ba3 26. Rb1 Bd6 27. Qe1 Qd8 28.
Ne2 b5 29. Rbc1 Qb6 30. Neg1 Bd7 31. Qe2 Ba3 32. Rb1 Nc6 33. b4 Rc8 34. Rc3 Nxd4
35. Qd2 Nxf3 36. Nxf3 Rxc3 37. Qxc3 Qxe3 38. Ng1 d4 39. Qc5+ Ke8 40. Rb3 Qc1 41.
Qxd4 Rg8 42. Bxf5 Bxb4 43. Rd3 Qc8 44. Qxf6 Qc4 45. Bg6+ Rxg6 46. Qxg6+ Kd8 47.
Qh7 Qc6 48. h4 Bc3 49. f5 b4 50. Qh6 Kc7 51. f6 e5 52. Qg7 e4 53. Qg3+ Kb7 54.
Rd6 Qc8 55. f7 1-0